书目信息 |
| 题名: |
细节决定健康
|
|
| 作者: | 张国玺 主编 | |
| 分册: | 养生精华集 | |
| 出版信息: | 长春 吉林科学技术出版社 2008 |
|
| 页数: | 539页 | |
| 开本: | 19cm | |
| 丛书名: | 细节决定健康 | |
| 单 册: | ||
| 中图分类: | R212 | |
| 科图分类: | ||
| 主题词: | 养生--yang shen--基本知识 | |
| 电子资源: | ||
| ISBN: | 978-7-5384-3602-0 | |
| 000 | 00937nam2 2200253 450 | |
| 001 | 0100000105 | |
| 005 | 20080611160730.09 | |
| 010 | @a978-7-5384-3602-0@dCNY39.80 | |
| 100 | @a20080415d2008 ekmy0chiy0121 ea | |
| 101 | 0 | @achi |
| 102 | @aCN@b220000 | |
| 105 | @ac z 000yy | |
| 200 | 1 | @a细节决定健康@Axi jie jue ding jian kang@i养生精华集@f张国玺主编 |
| 210 | @a长春@c吉林科学技术出版社@d2008 | |
| 215 | @a539页@c肖像@d19cm | |
| 225 | 2 | @a细节决定健康@Axi jie jue ding jian kang |
| 330 | @a本书是凝集中国中医科学院著名养生专家张国玺多年健康养生理论方法的精华全集,收录养生细节近千条,不仅是一本男女老少皆可适用的家庭保健必备全书,更是为现代人量身定做的生活健康枕边书。 | |
| 410 | 0 | @12001 @a细节决定健康 |
| 517 | 1 | @a养生精华集@Ayang shen jing hua ji |
| 606 | 0 | @a养生@Ayang shen@x基本知识 |
| 690 | @aR212@v4 | |
| 701 | 0 | @a张国玺@Azhang guo xi@4主编 |
| 801 | 0 | @aCN@c20080611 |
| 905 | @b20800127-29@dR212@eZ107@fR212/Z107 | |
| 细节决定健康.养生精华集/张国玺主编.-长春:吉林科学技术出版社,2008 |
| 539页:肖像;19cm.-(细节决定健康) |
| ISBN 978-7-5384-3602-0:CNY39.80 |
| 本书是凝集中国中医科学院著名养生专家张国玺多年健康养生理论方法的精华全集,收录养生细节近千条,不仅是一本男女老少皆可适用的家庭保健必备全书,更是为现代人量身定做的生活健康枕边书。 |
| ● |
| 相关链接 |
|
|
|
正题名:细节决定健康
索取号:R212/Z107
 
预约/预借
| 序号 | 登录号 | 条形码 | 馆藏地/架位号 | 状态 | 备注 |
| 1 | 800091 | 208000919 | 自科库401/401自科库 9排2列5层/ [索取号:R212/Z107] | 在馆 | |
| 2 | 800092 | 208000928 | 自科库401/401自科库 9排2列5层/ [索取号:R212/Z107] | 在馆 | |
| 3 | 800093 | 208000937 | 自科库401/401自科库 9排2列5层/ [索取号:R212/Z107] | 在馆 |